[Event "AUTO-OPEN-4466"]
[Site "http://www.queenalice.com/game.php?id=1818734"]
[Date "2023.8.15"]
[Round "1"]
[White "TammieM3ENF"]
[Black "z3r0vulc4n"]
[Result "0-1"]
[WhiteElo "1078"]
[BlackElo "1781"]

1. d4 d5 2. e3 Nf6 3. e4 c6 4. Bd3 e6 5. Be3 Nbd7 6. Nf3 Be7 7. Nc3 O-O 8. O-O
Bb4 9. b3 Bxc3 10. a4 Bxa1 11. Qxa1 a6 12. c3 Nxe4 13. Bxe4 dxe4 14. Nd2 b5 15.
c4 Nf6 16. cxb5 axb5 17. Qb2 bxa4 18. bxa4 Ba6 19. d5 Bxf1 20. Kxf1 exd5 21. Qb3
Qa5 22. f3 Qxa4 23. Qc3 Qa1+ 24. Kf2 Qxc3 25. g4 exf3 26. Kxf3 Nxg4 27. Kxg4
Qxe3 28. Nf1 Qe2+ 29. Kg3 Qxf1 30. h4 Ra2 31. Kg4 Rg2+ 32. Kh3 Qh1# 0-1

[Event "AUTO-INT-3834"]
[Site "http://www.queenalice.com/game.php?id=1818821"]
[Date "2023.8.16"]
[Round "1"]
[White "AdilsonGomes"]
[Black "z3r0vulc4n"]
[Result "0-1"]
[WhiteElo "1681"]
[BlackElo "1790"]

1. b3 e5 2. Bb2 Nf6 3. e3 Be7 4. Bxe5 Nc6 5. Bb2 O-O 6. Be2 d5 7. Nf3 Bg4 8. Bd3
Ne5 9. Be2 Nxf3+ 10. gxf3 Bf5 11. d3 c5 12. e4 dxe4 13. fxe4 Bd7 14. Bc3 b5 15.
Nd2 Qc8 16. Rg1 Be6 17. Bf3 Rb8 18. a4 b4 19. Bb2 a5 20. Nc4 Rd8 21. e5 Nd5 22.
Qd2 Nc3 23. Bxc3 bxc3 24. Qxc3 Bxc4 25. Qxc4 g6 26. O-O-O Qf5 27. Qe4 Qh3 28.
Qf4 h6 29. Rg3 Qe6 30. Re1 Bg5 31. Rxg5 hxg5 32. Qxg5 Rxd3 33. Bg4 Qd5 34. Bf5
Rdxb3 35. cxb3 Qxb3 36. Bc2 Qb2+ 37. Kd2 Qd4+ 38. Ke2 Rb2 39. Kf1 Rxc2 40. Qe3
Qc4+ 41. Kg1 Qg4+ 42. Qg3 Qe6 43. h4 Rc4 44. h5 Rg4 0-1

[Event "AUTO-INT-3834"]
[Site "http://www.queenalice.com/game.php?id=1818822"]
[Date "2023.8.16"]
[Round "1"]
[White "z3r0vulc4n"]
[Black "AdilsonGomes"]
[Result "0-1"]
[WhiteElo "1813"]
[BlackElo "1636"]

1. d4 b6 2. Nf3 Bb7 3. c4 e6 4. e3 d5 5. Be2 Be7 6. O-O Nf6 7. Nc3 O-O 8. a4 a5
9. b3 Bb4 10. Bb2 Ne4 11. Nxe4 dxe4 12. Ne5 Nd7 13. f3 Nxe5 14. dxe5 Qh4 15. Ba3
Rfd8 16. Qc2 Rd2 17. Qb1 Rxe2 18. Bxb4 axb4 19. f4 Rxe3 20. Rd1 Rh3 21. g3 Qg4
22. Rd2 e3 23. Qd1 Rxg3+ 24. hxg3 Qxg3+ 25. Kf1 exd2 26. Qxd2 Qxb3 27. a5 Qxc4+
28. Kg1 g6 29. a6 Bxa6 30. Qd7 Qc5+ 31. Kh2 Qf2+ 32. Kh3 Bf1+ 33. Rxf1 Qxf1+ 34.
Kg4 Qg2+ 35. Kh4 h5 36. Qxc7 Qg4# 0-1

[Event "AUTO-INT-3834"]
[Site "http://www.queenalice.com/game.php?id=1818835"]
[Date "2023.8.16"]
[Round "1"]
[White "Connor"]
[Black "z3r0vulc4n"]
[Result "1/2-1/2"]
[WhiteElo "1654"]
[BlackElo "1784"]

1. d4 d5 2. e3 c6 3. Nf3 Nf6 4. c4 e6 5. Nc3 Bb4 6. cxd5 exd5 7. Be2 O-O 8. O-O
Bf5 9. Bd3 Ne4 10. Qc2 Bxc3 11. bxc3 Nd7 12. a4 Ndf6 13. c4 Re8 14. c5 b6 15.
cxb6 axb6 16. Qxc6 Bg4 17. Ne5 Rc8 18. Qb5 Bd7 19. Nxd7 Qxd7 20. Qxd7 Nxd7 21.
Bxe4 dxe4 22. Bb2 Nf6 23. Rac1 Ra8 24. Rc6 Rxa4 25. Rxb6 Rea8 26. Rc6 h6 27.
Rcc1 Nd5 28. Ra1 Rxa1 29. Rxa1 Rxa1+ 30. Bxa1 f5 31. g3 g6 32. Kg2 h5 33. h4 Kf7
34. Bb2 Ke6 35. Ba3 Nc3 1/2-1/2

[Event "AUTO-INT-3834"]
[Site "http://www.queenalice.com/game.php?id=1818836"]
[Date "2023.8.16"]
[Round "1"]
[White "z3r0vulc4n"]
[Black "Connor"]
[Result "0-1"]
[WhiteElo "1779"]
[BlackElo "1659"]

1. d4 d5 2. Nf3 e6 3. e3 Nf6 4. c4 dxc4 5. Bxc4 Be7 6. O-O c6 7. Nc3 Nbd7 8. Bd2
O-O 9. a3 Nb6 10. Ba2 Nbd5 11. h3 Nxc3 12. bxc3 a5 13. c4 Bd7 14. Ne5 b5 15.
Nxd7 Qxd7 16. cxb5 cxb5 17. Bb3 Ne4 18. Bc2 Nxd2 19. Qxd2 b4 20. axb4 Bxb4 21.
Qd1 g6 22. Qf3 Qe7 23. Bb3 Rac8 24. Rfc1 Rxc1+ 25. Rxc1 Rb8 26. d5 exd5 27. Qxd5
Rd8 28. Qf3 Kg7 29. g4 Rd3 30. Rc4 Rxb3 31. Re4 Qf6 32. Rf4 Qe7 33. Kg2 a4 34.
Qd5 Qe6 35. Qb7 Bd6 36. Qe4 Qxe4+ 37. Rxe4 a3 0-1

[Event "AUTO-INT-3834"]
[Site "http://www.queenalice.com/game.php?id=1818845"]
[Date "2023.8.16"]
[Round "1"]
[White "z3r0vulc4n"]
[Black "Jomaley"]
[Result "1-0"]
[WhiteElo "1811"]
[BlackElo "1435"]

1. d4 d5 2. Nf3 Bg4 3. e3 e6 4. Be2 Bxf3 5. Bxf3 Bb4+ 6. Bd2 a5 7. O-O h5 8.
Bxb4 axb4 9. c3 bxc3 10. Nxc3 h4 11. h3 Nf6 12. Be2 g5 13. a4 Ra5 14. Qd2 Ne4
15. Nxe4 dxe4 16. Qxa5 b6 17. Qc3 O-O 18. Bb5 f5 19. Rac1 Rf7 20. Rfd1 f4 21.
exf4 Rxf4 22. Qxc7 Rf8 23. Qxd8 Rxd8 24. Re1 Rxd4 25. Rc8+ Kf7 26. Rxb8 1-0

[Event "AUTO-INT-3834"]
[Site "http://www.queenalice.com/game.php?id=1818846"]
[Date "2023.8.16"]
[Round "1"]
[White "Jomaley"]
[Black "z3r0vulc4n"]
[Result "0-1"]
[WhiteElo "1440"]
[BlackElo "1758"]

1. c3 d5 2. d4 Nf6 3. f3 e6 4. Bg5 Be7 5. h4 O-O 6. h5 g6 7. hxg6 fxg6 8. Bxf6
Bxf6 9. g4 Nc6 10. Nh3 e5 11. dxe5 Nxe5 12. g5 Bxg5 13. Nxg5 Qxg5 14. Qxd5+ Kh8
15. Nd2 Nxf3+ 0-1

[Event "AUTO-OPEN-4475"]
[Site "http://www.queenalice.com/game.php?id=1821827"]
[Date "2023.9.28"]
[Round "1"]
[White "MarcosT"]
[Black "z3r0vulc4n"]
[Result "1-0"]
[WhiteElo "2103"]
[BlackElo "1814"]

1. e4 e5 2. Nf3 Nc6 3. Bc4 Be7 4. d4 Nxd4 5. Nxd4 exd4 6. Qh5 g6 7. Qd5 d6 8.
Qxf7+ Kd7 9. Be6+ Kc6 10. Bxc8 Rxc8 11. Qd5+ Kd7 12. Qxd4 Nf6 13. e5 Nh5 14.
Qxa7 b6 15. Qa4+ c6 16. Qg4+ Kc7 17. e6 Nf6 18. Qa4 Ra8 19. Qb3 Rf8 20. Nc3 h5
21. Be3 Rb8 22. O-O-O Ng4 23. Rhf1 Nxh2 24. Rh1 Ng4 25. Rd2 Nxe3 26. fxe3 Bg5
27. Re2 Qe7 28. Qc4 Rf5 29. Rd1 Re5 30. Qd4 Qxe6 31. Rde1 Re8 32. Kd2 b5 33.
Qa7+ Kc8 34. Qa8+ Kd7 35. Qb7+ Kd8 36. Qxc6 b4 37. Qb6+ Kc8 38. Nb5 Qd5+ 39. Nd4
R8e7 40. Qxb4 Rb7 41. Qc3+ Rc7 42. Qd3 Qxa2 43. Rf1 Qxb2 44. Qa6+ Qb7 45. Rf8+
Kd7 46. Qa4+ Ke7 47. Qe8# 1-0

[Event "AUTO-OPEN-4475"]
[Site "http://www.queenalice.com/game.php?id=1821828"]
[Date "2023.9.28"]
[Round "1"]
[White "z3r0vulc4n"]
[Black "MarcosT"]
[Result "0-1"]
[WhiteElo "1819"]
[BlackElo "2087"]

1. d4 d5 2. Nf3 e6 3. e3 Nf6 4. c4 c6 5. Be2 Bb4+ 6. Nc3 Ne4 7. Bd2 Nxd2 8. Nxd2
O-O 9. O-O b6 10. a3 Bd6 11. h3 Bb7 12. Nf3 Nd7 13. Qc2 Re8 14. b3 e5 15. Nxe5
Nxe5 16. dxe5 Bxe5 17. cxd5 cxd5 18. Rfd1 Rc8 19. Rd3 Qf6 20. Bf3 Bxc3 21. Bxd5
Bxa1 0-1

[Event "AUTO-OPEN-4475"]
[Site "http://www.queenalice.com/game.php?id=1821853"]
[Date "2023.9.28"]
[Round "1"]
[White "Capixabba789"]
[Black "z3r0vulc4n"]
[Result "0-1"]
[WhiteElo "1775"]
[BlackElo "1794"]

1. e4 e5 2. f4 Nc6 3. Nf3 Bc5 4. Bc4 Nf6 5. c3 O-O 6. d3 d6 7. Qe2 Bg4 8. Be3
Na5 9. Bb5 c6 10. Bxc5 dxc5 11. Ba4 b5 12. Bc2 c4 13. b4 Nb7 14. fxe5 Nd7 15.
Nbd2 a5 16. O-O axb4 17. cxb4 Nxe5 18. dxc4 Nxc4 19. Nxc4 bxc4 20. Qxc4 Rc8 21.
a3 c5 22. b5 Nd6 23. Qe2 Nxb5 24. Qxb5 Bxf3 25. Rxf3 Qd4+ 26. Kh1 Qxa1+ 0-1

[Event "AUTO-OPEN-4475"]
[Site "http://www.queenalice.com/game.php?id=1821854"]
[Date "2023.9.28"]
[Round "1"]
[White "z3r0vulc4n"]
[Black "Capixabba789"]
[Result "0-1"]
[WhiteElo "1834"]
[BlackElo "1851"]

1. d4 d5 2. Nf3 Bf5 3. c4 e6 4. e3 Nf6 5. Nc3 Be7 6. Be2 c5 7. O-O O-O 8. a4
cxd4 9. exd4 dxc4 10. Bxc4 Nc6 11. Bd3 Nxd4 12. Nxd4 Qxd4 13. Bxf5 Qxd1 14. Rxd1
exf5 15. Be3 Bb4 16. h3 Bxc3 17. bxc3 b6 18. Bd4 Ne4 19. a5 bxa5 20. Rxa5 Rfc8
21. Rxf5 Nxc3 22. Bxc3 Rxc3 23. Rfd5 h6 24. Ra1 Rc7 25. Kf1 a6 26. Raa5 f6 27.
Rd6 Rca7 28. Ke2 Kh7 29. Ke3 Kg6 30. Ke4 Kh7 31. f4 Kg6 32. g4 Re8+ 33. Re5 Kf7
34. Rxe8 Kxe8 35. Kf5 a5 36. Kg6 a4 37. Rd1 a3 38. g5 hxg5 39. fxg5 fxg5 40.
Kxg5 a2 41. Ra1 Kf7 42. Kf5 Ra6 43. h4 g6+ 44. Kf4 Ra5 45. Ke4 Kf6 46. Rf1+ Kg7
47. Ra1 Kh6 48. Kf3 Kh5 49. Kf4 Ra4+ 50. Kg3 Kh6 51. Kh3 Kg7 52. Kg3 Kf7 53.
Rf1+ Ke6 54. Re1+ Kd5 55. Ra1 Ke5 56. Re1+ Kd4 57. Kg4 a1=Q 58. Rxa1 Rxa1 59.
Kg5 Ra6 0-1

[Event "AUTO-OPEN-4475"]
[Site "http://www.queenalice.com/game.php?id=1821869"]
[Date "2023.9.28"]
[Round "1"]
[White "game"]
[Black "z3r0vulc4n"]
[Result "0-1"]
[WhiteElo "1425"]
[BlackElo "1821"]

1. e4 e5 2. Nf3 Nc6 3. Bc4 Bc5 4. d4 Nxd4 5. Nxe5 Ne6 6. Qf3 Nf6 7. Nc3 O-O 8.
Nd5 Nxd5 9. exd5 Ng5 10. Qh5 h6 11. h4 Nh7 12. Bd3 d6 13. Nc4 Qf6 14. O-O c6 15.
dxc6 bxc6 16. Be3 Bxe3 17. fxe3 d5 18. Rxf6 Nxf6 19. Qe5 dxc4 20. Bxc4 Kh8 21.
Qe7 Bf5 22. Bxf7 Bxc2 23. Rc1 Be4 24. Rxc6 Bxc6 25. b4 Bd5 26. Bg6 Bxa2 27. g4
Nxg4 28. Be4 Rae8 29. Qxa7 Rxe4 30. Qxa2 Rxb4 31. Qe6 Rb1+ 32. Kg2 Nf6 33. Qe7
Rbb8 34. Kf3 Nd5+ 35. Qxf8+ Rxf8+ 36. Ke4 Nf6+ 37. Kf5 Nd5+ 38. Ke6 Nxe3 39. Ke7
Rf1 40. h5 Kh7 41. Ke6 g6 42. hxg6+ Kxg6 43. Ke5 h5 44. Ke4 h4 45. Kxe3 h3 46.
Ke2 Rf8 47. Ke3 h2 48. Ke2 h1=Q 49. Ke3 Qe1+ 50. Kd4 Rd8+ 51. Kc4 Qc1+ 52. Kb5
Rb8+ 53. Ka6 Qa1# 0-1

[Event "AUTO-OPEN-4475"]
[Site "http://www.queenalice.com/game.php?id=1821870"]
[Date "2023.9.28"]
[Round "1"]
[White "z3r0vulc4n"]
[Black "game"]
[Result "1-0"]
[WhiteElo "1819"]
[BlackElo "1431"]

1. d4 d5 2. Nf3 Nc6 3. c4 e5 4. e3 Bf5 5. Nc3 Nb4 6. Be2 Nc2+ 7. Kf1 Nxa1 8. Bd3
e4 9. Bxe4 dxe4 10. Nd2 Qd7 11. Ndxe4 Bg4 12. f3 Bh5 13. Bd2 Bg6 14. Qxa1 Bb4
15. a3 Bxc3 16. Bxc3 O-O-O 17. d5 Nf6 18. Nxf6 Bd3+ 19. Ke1 gxf6 20. Bxf6 Bxc4
21. Bxh8 Rxh8 22. b3 Bxb3 23. Qxh8+ Qd8 24. Qxd8+ Kxd8 25. e4 f6 26. Kf2 b5 27.
Rb1 Ba4 28. Ke3 a6 29. Kf4 Bc2 30. Rc1 Bb3 31. Kf5 Ke7 32. Rxc7+ Kd6 33. Rxh7
Kc5 34. Kxf6 a5 35. Ke6 Kc4 36. d6 Kc3+ 37. Ke5 Kb2 38. d7 Kxa3 39. d8=Q Bc2 40.
Qxa5+ Ba4 41. Rb7 Kb3 42. Rxb5+ Bxb5 43. Qxb5+ Kc3 44. Qd5 Kc2 45. Kd6 Kc3 46.
Kc5 1-0

[Event "AUTO-INT-3832"]
[Site "http://www.queenalice.com/game.php?id=1825081"]
[Date "2023.11.12"]
[Round "2"]
[White "SGF"]
[Black "z3r0vulc4n"]
[Result "0-1"]
[WhiteElo "1602"]
[BlackElo "1800"]

1. e4 e5 2. Qf3 Nf6 3. d3 Be7 4. Be2 O-O 5. Qg3 Re8 6. Bh6 g6 7. h4 Nc6 8. h5
Nd4 9. hxg6 fxg6 10. Qxe5 Bb4+ 11. c3 Rxe5 12. cxb4 Nc2+ 13. Kd2 Nxa1 14. Nf3
Rh5 15. Rxh5 Nxh5 16. Ne5 Qf6 17. d4 Qxf2 18. Be3 Qxg2 19. Nc3 d6 20. Nf3 Bg4
21. Kd3 Bxf3 22. Bxf3 Qxf3 23. Nd5 c6 24. Nc7 Nf4+ 25. Kd2 Qe2+ 26. Kc3 Qc2# 0-1

[Event "AUTO-INT-3832"]
[Site "http://www.queenalice.com/game.php?id=1825082"]
[Date "2023.11.12"]
[Round "2"]
[White "z3r0vulc4n"]
[Black "SGF"]
[Result "1-0"]
[WhiteElo "1810"]
[BlackElo "1610"]

1. d4 e6 2. Nf3 f6 3. c4 a6 4. Nc3 c6 5. e3 Bb4 6. Be2 Qa5 7. Bd2 Ne7 8. O-O h5
9. a3 Bxc3 10. Bxc3 Qb6 11. Bb4 a5 12. Bxe7 Kxe7 13. Rb1 g5 14. b3 g4 15. Nh4
Rg8 16. Qc2 Kf7 17. Qh7+ Rg7 18. Qxh5+ Kg8 19. Qe8+ Kh7 20. Bd3+ Kh6 21. Qh8+
Kg5 22. Qxg7+ Kxh4 23. Qh6# 1-0

[Event "AUTO-INT-3832"]
[Site "http://www.queenalice.com/game.php?id=1825083"]
[Date "2023.11.12"]
[Round "2"]
[White "WHUSIRO"]
[Black "z3r0vulc4n"]
[Result "1-0"]
[WhiteElo "1761"]
[BlackElo "1808"]

1. e4 e5 2. Nf3 Nc6 3. Bb5 a6 4. Ba4 Nf6 5. O-O Be7 6. d3 O-O 7. Bg5 h6 8. Be3
d6 9. c3 Bg4 10. Nbd2 b5 11. Bc2 a5 12. h3 Bxf3 13. Nxf3 b4 14. Re1 Na7 15. c4
Nc6 16. b3 Nb8 17. d4 exd4 18. Nxd4 Nbd7 19. Nf5 c6 20. Qf3 Ne5 21. Qe2 c5 22.
f4 Ng6 23. Rad1 Re8 24. Bxc5 Nxf4 25. Qf3 Ne6 26. Bf2 Qd7 27. e5 Nh7 28. exd6
Bf6 29. c5 Rec8 30. Qd3 Nhg5 31. h4 Nh7 32. Ne7+ Kf8 33. Qxh7 Ke8 34. Nxc8 Qxc8
35. Qg8+ Kd7 36. Qxf7+ Kd8 37. d7 Qc6 38. Qe8+ Kc7 39. Qxe6 Qxe6 40. Rxe6 Rd8
41. Re8 Rxd7 42. Bg3+ Kc6 43. Be4+ 1-0

[Event "AUTO-INT-3832"]
[Site "http://www.queenalice.com/game.php?id=1825084"]
[Date "2023.11.12"]
[Round "2"]
[White "z3r0vulc4n"]
[Black "WHUSIRO"]
[Result "0-1"]
[WhiteElo "1818"]
[BlackElo "1775"]

1. d4 Nf6 2. c4 e6 3. Nf3 c5 4. Nc3 d5 5. e3 Be7 6. Be2 O-O 7. O-O Nc6 8. a3
cxd4 9. exd4 a6 10. b4 Rb8 11. Bb2 Na7 12. Rb1 Bd7 13. h3 dxc4 14. Bxc4 b5 15.
Bd3 Nc6 16. Ne4 Nxe4 17. Bxe4 f5 18. Bxc6 Bxc6 19. Ne5 Bb7 20. Qd3 Bf6 21. f4
Qd5 22. Rbc1 Qxg2# 0-1